• 首页
  • 本馆介绍
  • 公告通知
  • 最新文献
  • 馆藏检索
  • 电子资源
  • 读者导购
  • 参考咨询
  • 我的图书馆
  • 登录
  • 详细信息显示
  • 放入我的书架
  • 预约/预借图书
  • 作者相关作品
  • 分类相关作品
  • 丛书相关作品
  • 出版社相关作品

书目信息

  • 表格格式
  • 工作单格式
  • 卡片格式
题名:
海洋
    
 
作者: 卡菲多 著 ;袁凤卉 译
分册:  
出版信息: 北京   中国人民大学出版社  2005
页数: 735页
开本: 17×17cm
丛书名: 地球故事
单 册:
中图分类: Q178.53-64 , P7-64
科图分类:
主题词: 海洋生物--摄影集 , 海洋 , 海洋--摄影集 , 海洋生物
电子资源:
ISBN: 7-300-06463-9
000 01066nam0 2200337 450
000 01073nam0 2200337 450
000 01005nam0 2200313 450
000 00969nam0 2200301 45
005 20070602095739.54
010    @a7-300-06463-9@b精装@dCNY99.80
100    @a20070519d2005 em y0chiy0120 ea
101 1  @achi@cita
102    @aCN@b110000
105    @aa z 000yy
200 1  @a海洋@AHai Yang@f(意)加塔诺·卡菲多@FJia Ta Nuo· Ka Fei Duo等著@g袁凤卉译
210    @a北京@c中国人民大学出版社@d2005
215    @a735页@d17×17cm
225 2  @a地球故事
330    @a本书内容包括:高空拍摄的照片、海岸及海岸线、蔚蓝中的珍珠、冰的海洋、城镇和村庄、珊瑚花园、日暮时分等。
410  0 @12001 @a地球故事
510 1  @aThe Sea@zeng
606 0  @a海洋生物@x摄影集
606 0  @a海洋
606 0  @a海洋@x摄影集
606 0  @a海洋生物
690    @aQ178.53-64@v4
690    @aP7-64@v4
701  1 @c(意)@a卡菲多@AKa Fei Duo@g(Cafiero, Gaetano@f1937~)@4著
702  0 @a袁凤卉@AYuan Feng Hui@4译
801  0 @aCN@bTAOJIN@c20070602
905    @a10447@dP7-64@e46
    
    海洋/(意)加塔诺·卡菲多/袁凤卉译.-北京:中国人民大学出版社,2005
    735页;17×17cm.-(地球故事)
    
    
    ISBN 7-300-06463-9(精装):CNY99.80
    本书内容包括:高空拍摄的照片、海岸及海岸线、蔚蓝中的珍珠、冰的海洋、城镇和村庄、珊瑚花园、日暮时分等。
●
相关链接 在E读中查询图书 在五车中查询图书 在当当中查询图书 在豆瓣中查询图书


正题名:海洋     索取号:P7-64/46         预约/预借

序号 登录号 条形码 馆藏地/架位号 状态 备注
1 0524407   205244074   第二样本阅览室/ [索取号:P7-64/46] 在馆    
2 0524408   205244083   第三借阅区/ [索取号:P7-64/46] 在馆    
3 0524409   205244092   第三借阅区/ [索取号:P7-64/46] 在馆    
4 0524410   205244109   第三借阅区/ [索取号:P7-64/46] 在馆    
唐山师范学院图书馆 欢迎您!
大连网信软件有限公司© 版权所有